[Event "Titled Tue 27th May Early"]
[Site "chess.com INT"]
[Date "2025.05.27"]
[Round "11"]
[White "Arya G Mallar"]
[Black "Bogaudinov, Rushan"]
[Result "0-1"]
[WhiteTitle "WCM"]
[BlackTitle "FM"]
[WhiteElo "2014"]
[BlackElo "1912"]
[WhiteFideId "25115324"]
[BlackFideId "4129288"]
[EventDate "2025.05.27"]

1. c4 h5 2. d4 h4 3. e4 d6 4. h3 a5 5. Nf3 g6 6. Nc3 Bg7 7. Be3 Nd7 8. Be2 e5 9.
Bg5 Ne7 10. Nd5 f6 11. Bxh4 g5 12. Bg3 c6 13. Nc3 Ng6 14. dxe5 dxe5 15. Qd6 Qe7
16. O-O-O Qxd6 17. Rxd6 Ke7 18. Rhd1 Nc5 19. Nxg5 Bh6 20. h4 fxg5 21. Rxg6 gxh4+
22. Rxh6 Rxh6 23. Bxe5 Re6 24. f4 Rxe5 25. fxe5 Be6 26. Rh1 Rh8 27. b3 Rh6 28.
Kd2 Nd7 29. Na4 Nxe5 30. Nc5 b6 31. Nxe6 Kxe6 32. Ke3 Kf6 33. Rd1 Ke7 34. Rf1 h3
35. gxh3 Rxh3+ 36. Kd2 Nd7 37. Rf5 Nc5 38. Rf4 Rg3 39. Kc2 a4 40. b4 Ne6 41. Rh4
Ra3 42. Rh7+ Kd6 43. Bg4 Nd4+ 44. Kd2 Ke5 0-1

[Event "Titled Tue 27th May Early"]
[Site "chess.com INT"]
[Date "2025.05.27"]
[Round "11"]
[White "Hiwale, Ronak"]
[Black "Zdorov, Egor Vit"]
[Result "0-1"]
[BlackTitle "CM"]
[WhiteElo "2105"]
[BlackElo "2100"]
[WhiteFideId "30975336"]
[BlackFideId "55688560"]
[EventDate "2025.05.27"]

1. Nf3 d5 2. g3 Nf6 3. Bg2 e6 4. O-O Be7 5. d3 O-O 6. e4 c5 7. Nc3 Nc6 8. Re1
dxe4 9. Nxe4 Nxe4 10. Rxe4 Bf6 11. Rb1 e5 12. a3 Bf5 13. Re1 e4 14. dxe4 Qxd1
15. Rxd1 Bxe4 16. Ne1 Bxg2 17. Kxg2 Rad8 18. Be3 b6 19. c3 Ne5 20. Nc2 Nc4 21.
Re1 Rfe8 22. Kf1 h6 23. Re2 a5 24. b4 Bxc3 25. bxc5 Nxe3+ 26. Nxe3 bxc5 27. Nc4
Rxe2 28. Kxe2 Rd4 29. Ne3 Ra4 30. Rb3 Bf6 31. Kd3 Rd4+ 32. Ke2 a4 33. Rb5 Be7
34. Nf5 Rd7 35. Nxe7+ Rxe7+ 36. Kd3 Re5 37. Kc4 Re2 38. Rxc5 Rxf2 39. Rh5 Rb2
40. Ra5 Rxh2 41. Rxa4 Rg2 42. Ra8+ Kh7 43. a4 Rxg3 44. a5 Ra3 45. a6 h5 46. a7
h4 47. Kb5 g5 48. Kb6 h3 49. Re8 Rxa7 50. Kxa7 h2 51. Re1 g4 52. Kb6 g3 53. Kc5
g2 0-1

[Event "Titled Tue 27th May Early"]
[Site "chess.com INT"]
[Date "2025.05.27"]
[Round "11"]
[White "Horobetz, Graham"]
[Black "Klukin, Kirill"]
[Result "1-0"]
[BlackTitle "IM"]
[WhiteElo "2250"]
[BlackElo "2407"]
[WhiteFideId "2047322"]
[BlackFideId "24199273"]
[EventDate "2025.05.27"]

1. e4 c5 2. Nf3 Nc6 3. d4 cxd4 4. Nxd4 e5 5. Nb5 d6 6. N1c3 a6 7. Na3 b5 8. Nd5
Nge7 9. Bd3 Nxd5 10. exd5 Ne7 11. c4 Bb7 12. cxb5 Bxd5 13. O-O axb5 14. Bxb5+
Bc6 15. Bg5 f6 16. Qh5+ g6 17. Qf3 Bxb5 18. Nxb5 Bg7 19. Qxa8 Qxa8 20. Nc7+ Kf7
21. Nxa8 Rxa8 22. Bd2 f5 23. f3 d5 24. Rfd1 Ke6 25. a4 Nc6 26. b4 e4 27. Rac1
Nd4 28. Kf1 Nb3 29. Rc6+ Kd7 30. b5 Rxa4 31. Bf4 Bd4 32. Rd6+ Ke7 33. Rxd5 e3
34. Bxe3 Bxe3 35. Re5+ Kf6 36. Rxe3 Rb4 37. Rd6+ Kg5 38. b6 Na5 39. Re7 h5 40.
Ree6 Nc4 41. Rxg6+ Kf4 42. Rd4+ Ke3 43. Rd1 Nxb6 44. Re6+ Kf4 45. Kf2 h4 46. g3+
hxg3+ 47. hxg3+ Kg5 48. f4+ Kg4 49. Rg6+ Kh5 50. Rg5+ Kh6 51. Rh1# 1-0

[Event "Titled Tue 27th May Early"]
[Site "chess.com INT"]
[Date "2025.05.27"]
[Round "11"]
[White "Jake Shanty"]
[Black "Shirov, Alexei"]
[Result "0-1"]
[WhiteTitle "FM"]
[BlackTitle "GM"]
[WhiteElo "2252"]
[BlackElo "2620"]
[WhiteFideId "33478066"]
[BlackFideId "2209390"]
[EventDate "2025.05.27"]

1. Nf3 d5 2. e3 Bg4 3. c4 e6 4. cxd5 exd5 5. Qa4+ Qd7 6. Bb5 c6 7. Ne5 cxb5 8.
Qxg4 Qxg4 9. Nxg4 Nc6 10. h3 Nb4 11. Kd1 f5 12. Ne5 Bd6 13. Nf3 Nf6 14. Nc3 a6
15. a3 Nc6 16. d3 O-O-O 17. Bd2 d4 18. exd4 Bc7 19. Ne2 Bb6 20. Rc1 Kb8 21. Bf4+
Ka7 22. Be5 Nxe5 23. dxe5 Ne4 24. Rf1 Nxf2+ 25. Kc2 Nxd3 26. Rcd1 Nc5 27. Nc3
Ne6 28. Nd5 Nd4+ 29. Nxd4 Rxd5 30. Nxf5 Rxe5 31. Nxg7 Rg5 32. Ne6 Rxg2+ 33. Rd2
Rxd2+ 34. Kxd2 Rg8 35. Re1 Rg2+ 36. Re2 Rg3 37. h4 Rg4 38. h5 Ba5+ 39. Kc2 Rc4+
40. Kb3 Rh4 41. Re5 Kb6 42. Rf5 Kc6 43. Nf4 Bc7 44. Rf6+ Kd7 45. Nd5 Bd6 46.
Rf7+ Ke6 47. Nf4+ Kxf7 0-1

[Event "Titled Tue 27th May Early"]
[Site "chess.com INT"]
[Date "2025.05.27"]
[Round "11"]
[White "Asish Panda"]
[Black "Chan, Kim Yew"]
[Result "1-0"]
[BlackTitle "FM"]
[WhiteElo "1911"]
[BlackElo "2304"]
[WhiteFideId "45012458"]
[BlackFideId "5717981"]
[EventDate "2025.05.27"]

1. e4 e5 2. Nf3 Nc6 3. Bc4 Bc5 4. c3 Nf6 5. d3 d6 6. Nbd2 h6 7. Nf1 O-O 8. Ng3
d5 9. exd5 Nxd5 10. O-O Be6 11. Re1 Bd6 12. d4 exd4 13. Nxd4 Nxd4 14. Qxd4 Bxg3
15. hxg3 Re8 16. Bb3 Nb6 17. Qxd8 Raxd8 18. Bf4 Bxb3 19. axb3 Nd5 20. Rxe8+ Rxe8
21. Rxa7 Re1+ 22. Kh2 Nxf4 23. gxf4 Re2 24. Kg3 Rxb2 25. Rxb7 c5 26. c4 f5 27.
f3 Kh7 28. Rb6 Kg8 29. Rb5 g6 30. Rb7 Kf8 31. Kh3 Kg8 32. g4 fxg4+ 33. fxg4 Rc2
34. Kh4 Rh2+ 35. Kg3 Rd2 36. Kf3 Rd4 37. Ke3 g5 38. fxg5 hxg5 39. Kf3 Kf8 40.
Rb5 Kf7 41. Rxc5 Rd3+ 42. Ke4 Rxb3 43. Rxg5 Kf6 44. Rf5+ Ke6 45. Rh5 Rg3 46.
Rh6+ Ke7 47. Kf5 Rc3 48. Rc6 Rf3+ 49. Kg6 Rf4 50. g5 Kd7 51. Rc5 Kd6 52. Rd5+
Ke7 53. c5 Ke6 54. Rd1 Rc4 55. Re1+ Kd5 56. Kg7 Rxc5 57. g6 Rc6 58. Kh7 Rc2 59.
Rh1 Ke6 60. g7 1-0

[Event "Titled Tue 27th May Early"]
[Site "chess.com INT"]
[Date "2025.05.27"]
[Round "11"]
[White "Cahaya, Satria Duta"]
[Black "Leschinsky, Gary"]
[Result "1-0"]
[WhiteTitle "FM"]
[WhiteElo "2416"]
[BlackElo "1992"]
[WhiteFideId "7124252"]
[BlackFideId "30951321"]
[EventDate "2025.05.27"]

1. e4 c5 2. Nf3 e6 3. d4 cxd4 4. Nxd4 a6 5. c4 Nf6 6. Nc3 Qc7 7. a3 b6 8. Be3
Bb7 9. f3 Be7 10. Qd2 O-O 11. Be2 Nc6 12. O-O Nxd4 13. Bxd4 Bd6 14. g3 Bxg3 15.
f4 Bh4 16. Qe3 d5 17. Qh3 e5 18. fxe5 Nxe4 19. Qxh4 Nxc3 20. bxc3 dxc4 21. Bf3
b5 22. Rae1 Rfe8 23. Re3 Re6 24. Bxb7 Qxb7 25. Rg3 Rae8 26. Qf4 Qd7 27. h4 Rg6
28. h5 Rxg3+ 29. Qxg3 Re6 30. Rf4 Rh6 31. e6 fxe6 32. Qf3 Qe8 33. Rg4 e5 34.
Qd5+ Re6 35. Bxe5 Kf8 36. Bxg7+ Kf7 37. Qf5+ Ke7 38. Qxe6+ Kxe6 39. Re4+ Kf7 40.
Rxe8 Kxe8 41. Kf2 Kf7 42. h6 Ke6 43. Ke3 Kd5 44. Bf8 Ke5 45. Bb4 Kd5 46. Kf4 Ke6
47. Ke4 Kf6 48. Kd5 Kg6 49. Bf8 Kf5 50. Kc5 Ke4 51. Kb6 Kd3 52. Bb4 a5 53. Bxa5 1-0

[Event "Titled Tue 27th May Early"]
[Site "chess.com INT"]
[Date "2025.05.27"]
[Round "11"]
[White "Toncheva, Nadya"]
[Black "Gustafsson, Jan"]
[Result "0-1"]
[WhiteTitle "FM"]
[BlackTitle "GM"]
[WhiteElo "2332"]
[BlackElo "2591"]
[WhiteFideId "2924056"]
[BlackFideId "4625498"]
[EventDate "2025.05.27"]

1. Nf3 c5 2. c4 Nc6 3. g3 g6 4. Bg2 Bg7 5. O-O d6 6. Nc3 Be6 7. d3 Qd7 8. Ng5
Bf5 9. e4 Bg4 10. f3 Be6 11. Nxe6 fxe6 12. Bh3 Bd4+ 13. Kg2 Nf6 14. Nd5 O-O 15.
Bh6 Rf7 16. Qe2 Nd8 17. Nf4 Kh8 18. Nd5 Ng8 19. Bg5 Rc8 20. Rab1 Qe8 21. Nf4 Qd7
22. Bh4 Rg7 23. Qd2 g5 24. Bxg5 Rxg5 25. Nxe6 Nxe6 26. Qxg5 Nxg5 27. Bxd7 Rd8
28. Bg4 Nf6 29. Bf5 e6 30. f4 exf5 31. fxg5 Ng4 32. Rf3 fxe4 33. dxe4 Ne5 34.
Rb3 b6 35. Rc1 Rf8 36. Rc2 Kg7 37. h3 Kg6 38. Ra3 Rf7 39. h4 Kh5 40. Kh3 Kg6 41.
g4 Rf4 42. Kg3 Rxg4+ 43. Kh3 Kh5 44. Rg3 Rxh4+ 45. Kg2 Rxe4 46. b3 Ng6 47. Rh3+
Kxg5 48. Rxh7 Nf4+ 49. Kf3 Re3+ 50. Kf2 Rh3+ 51. Ke1 Rxh7 0-1

[Event "Titled Tue 27th May Early"]
[Site "chess.com INT"]
[Date "2025.05.27"]
[Round "11"]
[White "Yevchenko, Oleksandr"]
[Black "Lee, Kyungseok"]
[Result "0-1"]
[WhiteTitle "CM"]
[BlackTitle "CM"]
[WhiteElo "2276"]
[BlackElo "2072"]
[WhiteFideId "14108267"]
[BlackFideId "13202154"]
[EventDate "2025.05.27"]

1. c4 e6 2. e4 d5 3. exd5 exd5 4. cxd5 Nf6 5. Nc3 Nxd5 6. Bc4 Nb6 7. Bb3 Be7 8.
Nf3 O-O 9. d4 Bf5 10. O-O Nc6 11. Bf4 Na5 12. Bc2 Bxc2 13. Qxc2 Nac4 14. Rad1 c6
15. Rfe1 Bf6 16. Ne5 Bg5 17. Bxg5 Qxg5 18. Nxc4 Nxc4 19. Ne4 Qd5 20. Nc3 Qa5 21.
Re7 Nd6 22. Re5 Qb4 23. a3 Qc4 24. Rh5 g6 25. Rc5 Qa6 26. d5 Rad8 27. dxc6 bxc6
28. Ne2 Nb7 29. Rxd8 Rxd8 30. Rc3 c5 31. h3 Qd6 32. Ng3 Qf4 33. Rf3 Qd4 34. Qb3
Nd6 35. Ne2 Qd2 36. Nc3 c4 37. Qb4 Qe1+ 38. Kh2 Kg7 39. Qc5 Qe6 40. Qd4+ Kg8 41.
Nd5 Ne8 0-1

[Event "Titled Tue 27th May Early"]
[Site "chess.com INT"]
[Date "2025.05.27"]
[Round "11"]
[White "Veiga, Jose Francisco R P Neves"]
[Black "Mateus, Martha"]
[Result "1-0"]
[WhiteTitle "IM"]
[BlackTitle "WIM"]
[WhiteElo "2389"]
[BlackElo "1963"]
[WhiteFideId "1930087"]
[BlackFideId "4401549"]
[EventDate "2025.05.27"]

1. e4 c5 2. Bc4 Nc6 3. Nf3 d6 4. O-O e5 5. Nc3 Bg4 6. h3 Bh5 7. Be2 Bxf3 8. Bxf3
g6 9. Nd5 Bg7 10. c3 Nge7 11. Qb3 Qd7 12. d3 Nxd5 13. Qxd5 O-O 14. Bg4 Qc7 15.
f4 Ne7 16. Qb3 Bh6 17. fxe5 Bxc1 18. Raxc1 dxe5 19. Rf6 Kg7 20. Rcf1 Ng8 21.
R6f3 Rad8 22. h4 Qe7 23. h5 Rd6 24. hxg6 hxg6 25. Qc4 b6 26. a3 Nf6 27. Bh3 Nh5
28. g3 f6 29. Bg4 Rh8 30. b4 cxb4 31. axb4 Qd8 32. Ra1 Qe7 33. b5 Rhd8 34. Bxh5
gxh5 35. Kf2 Qd7 36. Ke2 Qg4 37. Rd1 R8d7 38. Kf2 Qh3 39. Rg1 Qh2+ 40. Rg2 Qh1
41. g4 h4 42. g5 fxg5 43. Rxg5+ Kh6 44. Qg8 Qh2+ 45. Rg2 Qh1 46. Qg5+ Kh7 47.
Qh5+ Rh6 48. Rf7+ Rxf7+ 49. Qxf7+ Kh8 50. Qg7# 1-0

[Event "Titled Tue 27th May Early"]
[Site "chess.com INT"]
[Date "2025.05.27"]
[Round "11"]
[White "Karimova, Guldona"]
[Black "Gutman, Gennadi"]
[Result "1/2-1/2"]
[WhiteTitle "WIM"]
[BlackTitle "GM"]
[WhiteElo "2265"]
[BlackElo "2445"]
[WhiteFideId "14210410"]
[BlackFideId "14102277"]
[EventDate "2025.05.27"]

1. e4 c6 2. d4 d5 3. Nd2 dxe4 4. Nxe4 Nf6 5. Nxf6+ exf6 6. Be3 Bd6 7. Bd3 O-O 8.
Ne2 Bg4 9. O-O Nd7 10. c4 Re8 11. Qd2 Nf8 12. Ng3 Qd7 13. Ne4 Bc7 14. Rfe1 Rad8
15. Nc5 Qc8 16. Nb3 Bf5 17. Bxf5 Qxf5 18. Rad1 Qh5 19. Bf4 Bxf4 20. Qxf4 Ne6 21.
Qc1 Nc7 22. h3 h6 23. Qf4 Ne6 24. Qg3 Qf5 25. Qd3 Qg5 26. Qf3 Qg6 27. d5 Ng5 28.
Qg3 Rxe1+ 29. Rxe1 cxd5 30. cxd5 Rxd5 31. Re8+ Kh7 32. h4 Rd1+ 33. Kh2 Qb1 34.
Qb8 Rh1+ 35. Kg3 Qd3+ 36. f3 Rh3+ 37. gxh3 Qxf3+ 38. Kh2 Qf2+ 39. Kh1 Qf1+ 40.
Kh2 Qf2+ 41. Kh1 Qf1+ 42. Kh2 Qf2+ 1/2-1/2

[Event "Titled Tue 27th May Early"]
[Site "chess.com INT"]
[Date "2025.05.27"]
[Round "11"]
[White "Kravtsiv, Martyn"]
[Black "Iskusnyh, Sergei"]
[Result "1-0"]
[WhiteTitle "GM"]
[BlackTitle "GM"]
[WhiteElo "2598"]
[BlackElo "2440"]
[WhiteFideId "14113147"]
[BlackFideId "4120027"]
[EventDate "2025.05.27"]

1. e4 e6 2. d4 d5 3. exd5 exd5 4. Nf3 Nf6 5. Bd3 c5 6. c3 Nc6 7. O-O Be7 8. dxc5
Bxc5 9. Re1+ Be6 10. Bg5 O-O 11. Bh4 h6 12. Nbd2 g5 13. Bg3 Nh5 14. Qc2 Nxg3 15.
hxg3 Qf6 16. a4 Rac8 17. Nb3 Bb6 18. a5 Bc7 19. Nc5 Bb8 20. Nxb7 g4 21. Nh4 Nb4
22. Qd2 Nxd3 23. Qxd3 Rc7 24. a6 Rc6 25. Ra4 Bc7 26. Re2 h5 27. Rd4 Rb6 28. Nc5
Bd6 29. Nxe6 fxe6 30. Ng6 Rfb8 31. Nf4 Bxf4 32. Rxf4 Qg5 33. b4 Rc6 34. Kh2 Rbc8
35. Qd4 Rc4 36. Qxa7 Rxf4 37. gxf4 Qxf4+ 38. g3 Qf5 39. Qe3 Kf7 40. b5 h4 41.
Qf4 hxg3+ 42. fxg3 1-0

[Event "Titled Tue 27th May Early"]
[Site "chess.com INT"]
[Date "2025.05.27"]
[Round "11"]
[White "Ebrahimi Herab, Hamidreza"]
[Black "Pavlov, Nikolay"]
[Result "1-0"]
[WhiteTitle "FM"]
[BlackTitle "FM"]
[WhiteElo "2404"]
[BlackElo "2316"]
[WhiteFideId "22512888"]
[BlackFideId "24141470"]
[EventDate "2025.05.27"]

1. d4 Nf6 2. c4 e6 3. Nc3 d5 4. cxd5 exd5 5. Bg5 c6 6. Qc2 h6 7. Bh4 Be7 8. e3
O-O 9. Bd3 Ne8 10. Bxe7 Qxe7 11. Nge2 Nd6 12. O-O a5 13. Rae1 Na6 14. a3 b5 15.
Ng3 Nc4 16. Bxc4 dxc4 17. e4 Rd8 18. d5 Bd7 19. e5 cxd5 20. Nxd5 Qc5 21. Nf4 Re8
22. Qe4 Bc6 23. Qf5 Nc7 24. Ngh5 Ne6 25. Qg4 Qf8 26. Nf6+ Kh8 27. Nxe8 Rxe8 28.
Nxe6 fxe6 29. f4 c3 30. bxc3 Qxa3 31. Qg3 Qc5+ 32. Qe3 Qd5 33. Qg3 a4 34. Rd1
Qc5+ 35. Kh1 a3 36. Ra1 Be4 37. Rfe1 Bd5 38. c4 Bxc4 39. Qxa3 b4 40. Qa7 Qc6 41.
Rac1 b3 42. Qd4 Rc8 43. Rc3 b2 44. Rb1 Qb5 45. Rc2 Rc6 46. Rbxb2 Qa4 47. h3 Qa1+
48. Kh2 Qf1 49. Rb8+ Kh7 50. Qe4+ g6 51. Qxc6 Qxf4+ 52. g3 1-0

[Event "Titled Tue 27th May Early"]
[Site "chess.com INT"]
[Date "2025.05.27"]
[Round "11"]
[White "Calvo Gonzalez, Jose Felix"]
[Black "Kosakowski, Jakub"]
[Result "1/2-1/2"]
[WhiteTitle "CM"]
[BlackTitle "GM"]
[WhiteElo "2168"]
[BlackElo "2530"]
[WhiteFideId "54505615"]
[BlackFideId "1185080"]
[EventDate "2025.05.27"]

1. e4 a6 2. d4 e6 3. Nf3 d5 4. exd5 exd5 5. Bd3 Bd6 6. O-O Ne7 7. Re1 O-O 8.
Nbd2 Bf5 9. Nf1 Nbc6 10. c3 Qd7 11. Ng3 Bxd3 12. Qxd3 Rae8 13. Nh4 Ng6 14. Rxe8
Rxe8 15. Nf3 Nd8 16. Be3 Ne6 17. Ne2 b5 18. Re1 a5 19. Qd2 b4 20. Nc1 Rb8 21.
Nd3 bxc3 22. bxc3 h6 23. h4 Bf8 24. h5 Ne7 25. Nfe5 Qa4 26. f4 Nf5 27. g4 Nd6
28. Nf2 c5 29. f5 cxd4 30. cxd4 Nd8 31. Nfd3 Nc4 32. Qe2 f6 33. Ng6 Nf7 34. Bf4
Nb2 35. Nc5 Qxd4+ 36. Be3 Qc3 37. Ne6 Nc4 38. Bd4 Qg3+ 39. Kh1 Bd6 40. Nef4 Bxf4
41. Qe8+ Rxe8 42. Rxe8+ Kh7 43. Nf8+ Kg8 44. Ng6+ Kh7 45. Nf8+ Kg8 46. Ng6+ 1/2-1/2

[Event "Titled Tue 27th May Early"]
[Site "chess.com INT"]
[Date "2025.05.27"]
[Round "11"]
[White "Toktomushev, Teimur"]
[Black "Bakhmatsky, Vladislav"]
[Result "1-0"]
[WhiteTitle "FM"]
[BlackTitle "IM"]
[WhiteElo "2398"]
[BlackElo "2433"]
[WhiteFideId "14176726"]
[BlackFideId "14124890"]
[EventDate "2025.05.27"]

1. d4 b5 2. e4 a6 3. Nf3 Bb7 4. Bd3 e6 5. O-O c5 6. d5 c4 7. Be2 Bc5 8. Nc3 Nf6
9. Bg5 Qb6 10. a4 b4 11. a5 Qc7 12. Bxf6 gxf6 13. Na4 Ba7 14. Nb6 Bxb6 15. axb6
Qxb6 16. Bxc4 a5 17. Qd2 h5 18. Qf4 Qd8 19. Rad1 Qe7 20. e5 f5 21. Nd4 Ba6 22.
Bb5 Kf8 23. Rfe1 Qc5 24. Bxd7 Nxd7 25. dxe6 Nb6 26. Qxf5 Qe7 27. exf7 Bc8 28. e6
Rh6 29. Nc6 Qxe6 30. Rxe6 Bxe6 31. Qg5 Rh8 32. Rd8+ Kxf7 33. Rxh8 Rxh8 34. Ne5+
Ke8 35. Qg6+ Ke7 36. Qg7+ Kd6 37. Qxh8 Na4 38. Nd3 Nb6 39. Qd4+ Kc6 40. Ne5+ Kb5
41. Qd3+ Kc5 42. Qe3+ Kb5 43. Nd3 Bc4 44. Qc5+ Ka4 45. Ne5 Bb5 46. Qxb6 1-0

[Event "Titled Tue 27th May Early"]
[Site "chess.com INT"]
[Date "2025.05.27"]
[Round "11"]
[White "Newansa, M Esandi"]
[Black "Andriienko, Artom"]
[Result "1-0"]
[WhiteTitle "WCM"]
[WhiteElo "1947"]
[BlackElo "2153"]
[WhiteFideId "9999060"]
[BlackFideId "34129510"]
[EventDate "2025.05.27"]

1. d4 Nf6 2. Bf4 g6 3. e3 Bg7 4. c4 O-O 5. Nc3 d6 6. Nf3 Nbd7 7. Be2 c6 8. O-O
h6 9. h3 a5 10. Qc2 Qe8 11. Rad1 e5 12. dxe5 dxe5 13. Bh2 Qe7 14. Nd2 Re8 15. f4
e4 16. f5 Nc5 17. fxg6 fxg6 18. Rf2 h5 19. Nf1 Nd3 20. Bxd3 exd3 21. Qxd3 Ne4
22. Rf4 Bf5 23. Nxe4 Bxe4 24. Qe2 Be5 25. Rf2 Bxh2+ 26. Nxh2 Rad8 27. Rd4 c5 28.
Rd2 b6 29. Nf3 Bc6 30. Rxd8 Rxd8 31. Ne1 Qg5 32. Nd3 Re8 33. Nf4 Be4 34. Qd2 Rd8
35. Ne6 Rxd2 36. Nxg5 Rd1+ 37. Kh2 Bb1 38. b3 Rd6 39. Kg3 Bd3 40. Rd2 Rd7 41.
Nf3 Bf5 42. Rxd7 Bxd7 43. Ne5 Be8 44. Kf4 Kg7 45. Ke4 Kf6 46. Kd5 Kf5 47. g3 a4
48. e4+ Kf6 49. Kd6 g5 50. Nf3 axb3 51. axb3 Bg6 52. e5+ Kf5 53. e6 h4 54. gxh4
g4 55. hxg4+ Kf4 56. Ne5 Be8 57. e7 Kg3 58. h5 Kf4 59. h6 Kg5 60. h7 Kf4 61.
h8=Q 1-0

[Event "Titled Tue 27th May Early"]
[Site "chess.com INT"]
[Date "2025.05.27"]
[Round "11"]
[White "Korchynskyi, Mykola"]
[Black "Maltsevskaya, Aleksandra"]
[Result "1-0"]
[WhiteTitle "FM"]
[BlackTitle "IM"]
[WhiteElo "2325"]
[BlackElo "2398"]
[WhiteFideId "34138005"]
[BlackFideId "24174041"]
[EventDate "2025.05.27"]

1. d4 Nf6 2. c4 g6 3. h4 h5 4. Nc3 Bg7 5. Nf3 d6 6. Bg5 Bg4 7. e3 Nbd7 8. Be2 c5
9. O-O O-O 10. Qc2 Rc8 11. b3 a6 12. Rad1 Qa5 13. dxc5 Qxc5 14. Ne4 Nxe4 15.
Qxe4 Rfe8 16. Nd4 Bxe2 17. Nxe2 Qa5 18. Nf4 Nc5 19. Qf3 f6 20. Nxg6 fxg5 21. Rd5
Qc3 22. Qxh5 Ne6 23. hxg5 Rc5 24. Qg4 Nf8 25. Nf4 Rxd5 26. Nxd5 Qe5 27. f4 Qe4
28. Rf3 b5 29. Rg3 Ng6 30. Qd7 Kf8 31. Nc7 Rb8 32. cxb5 axb5 33. f5 Nh4 34. f6
Nf5 35. Rf3 Qb1+ 36. Kh2 Kg8 37. Qxf5 Qxf5 38. Rxf5 exf6 39. gxf6 Bf8 40. f7+
Kh7 41. Ne6 Kg6 42. Rf3 d5 43. Kh3 Bd6 44. f8=Q Bxf8 45. Nxf8+ Kg5 46. Ne6+ Kh5
47. Nd4 1-0

[Event "Titled Tue 27th May Early"]
[Site "chess.com INT"]
[Date "2025.05.27"]
[Round "11"]
[White "Maglioni, Leonardo"]
[Black "Levitan, Caleb Levi"]
[Result "0-1"]
[BlackTitle "FM"]
[WhiteElo "2069"]
[BlackElo "2333"]
[WhiteFideId "2896830"]
[BlackFideId "14332620"]
[EventDate "2025.05.27"]

1. d4 d5 2. Bf4 c5 3. c3 Nc6 4. e3 Qb6 5. Qb3 c4 6. Qxb6 axb6 7. e4 e6 8. Nd2 b5
9. g3 b4 10. Bg2 Nf6 11. Ne2 bxc3 12. bxc3 b5 13. Bg5 Ne7 14. Bxf6 gxf6 15. O-O
Bb7 16. Rfb1 Bc6 17. exd5 Nxd5 18. Nf4 Kd7 19. Nxd5 exd5 20. Nf1 Bh6 21. f4 Rhe8
22. Kf2 Ra3 23. Rc1 b4 24. cxb4 Bf8 25. b5 Bb7 26. Re1 Rxe1 27. Kxe1 Bb4+ 28.
Kf2 Bc3 29. Rd1 Rxa2+ 30. Kg1 Ra1 31. Rxa1 Bxa1 32. Kf2 Bxd4+ 33. Ke2 Kd6 34.
Nd2 Kc5 35. b6 Kxb6 36. Nf3 Kc5 37. Nh4 c3 38. Kd3 Ba6+ 39. Kc2 Bb5 40. Bh3 Ba4+
41. Kb1 c2+ 42. Kc1 Be3+ 0-1

[Event "Titled Tue 27th May Early"]
[Site "chess.com INT"]
[Date "2025.05.27"]
[Round "11"]
[White "Sadubayev, Airat"]
[Black "Mikhailovsky, Vladimir"]
[Result "0-1"]
[WhiteTitle "FM"]
[BlackTitle "CM"]
[WhiteElo "2211"]
[BlackElo "2215"]
[WhiteFideId "13713264"]
[BlackFideId "34105414"]
[EventDate "2025.05.27"]

1. d4 Nf6 2. c4 e6 3. Nf3 d5 4. g3 dxc4 5. Bg2 c5 6. O-O Nc6 7. dxc5 Qxd1 8.
Rxd1 Bxc5 9. Nbd2 c3 10. bxc3 O-O 11. Nb3 Be7 12. c4 Bd7 13. Bb2 Rfc8 14. c5 Be8
15. Rac1 a5 16. Nbd2 Nb4 17. Nd4 Nfd5 18. a3 Na6 19. c6 bxc6 20. Nc4 Rab8 21.
Ba1 a4 22. e4 Nf6 23. e5 Nd5 24. Nd6 Bxd6 25. exd6 c5 26. Nf3 Rd8 27. Nd2 f6 28.
Ne4 Rb3 29. Bf1 Bb5 30. Nd2 Bxf1 31. Nxb3 axb3 32. Kxf1 Rxd6 33. Rd3 Rb6 34. Bb2
Kf7 35. f4 g6 36. Ke2 Ke7 37. Rc4 Kd6 38. Re4 Nb8 39. Kd2 Nc6 40. Kc1 e5 41.
fxe5+ fxe5 42. Rh4 h5 43. g4 c4 44. Rg3 Nf4 45. Kb1 Ne2 0-1

[Event "Titled Tue 27th May Early"]
[Site "chess.com INT"]
[Date "2025.05.27"]
[Round "11"]
[White "Guliev, Gasan"]
[Black "Mica, Marek"]
[Result "1/2-1/2"]
[WhiteTitle "CM"]
[BlackTitle "FM"]
[WhiteElo "2123"]
[BlackElo "2372"]
[WhiteFideId "34165638"]
[BlackFideId "382884"]
[EventDate "2025.05.27"]

1. d4 e6 2. Nf3 d5 3. Bg5 Be7 4. h4 Nf6 5. c4 h6 6. Bxf6 Bxf6 7. Nc3 a6 8. e3
dxc4 9. Bxc4 b5 10. Bd3 Bb7 11. Qc2 Nd7 12. Be4 Qb8 13. Rc1 O-O 14. g4 Be7 15.
g5 h5 16. Ke2 Rc8 17. g6 f5 18. Qb3 Nf8 19. Bxb7 Qxb7 20. Ng5 Qb6 21. Nd5 Qd6
22. Nf4 c5 23. dxc5 Rxc5 24. Rxc5 Qxc5 25. Ngxe6 Qc4+ 26. Qxc4 bxc4 27. Nxf8
Kxf8 28. Nxh5 Rb8 29. Ng3 Rxb2+ 30. Kf3 Rxa2 31. Nxf5 Bf6 32. h5 c3 33. h6 gxh6
34. Rxh6 c2 35. Rh1 Rb2 36. g7+ Bxg7 37. Nxg7 Kxg7 38. Rc1 a5 39. Ke4 a4 40. Kd3
a3 41. Rxc2 a2 42. Rc7+ Kf6 43. Ra7 Rxf2 44. Kc3 Ke5 45. Kb3 Ke4 46. Rxa2 Rf3
47. Rc2 Rxe3+ 48. Rc3 Re2 49. Rc2 Re3+ 50. Rc3 Rxc3+ 51. Kxc3 1/2-1/2

[Event "Titled Tue 27th May Early"]
[Site "chess.com INT"]
[Date "2025.05.27"]
[Round "11"]
[White "Dicen, Elis Denele"]
[Black "Goncharov, Vladimir"]
[Result "1-0"]
[WhiteTitle "WFM"]
[WhiteElo "2135"]
[BlackElo "2077"]
[WhiteFideId "462560"]
[BlackFideId "34162256"]
[EventDate "2025.05.27"]

1. e4 e6 2. d4 d5 3. Nc3 Bb4 4. exd5 exd5 5. Nf3 Ne7 6. Bd3 Bf5 7. O-O Bxc3 8.
bxc3 O-O 9. a4 Re8 10. Re1 Bxd3 11. Qxd3 Ng6 12. Bg5 f6 13. Bd2 c6 14. h4 Na6
15. h5 Nf8 16. Qf5 Qd7 17. Qf4 Ne6 18. Qg4 Nf8 19. Qf4 Nc7 20. h6 Nce6 21. Qh4
g5 22. Qg4 Ng6 23. Rab1 b6 24. g3 Nc5 25. Qh5 Ne4 26. Re2 Re7 27. Rbe1 Rae8 28.
c4 dxc4 29. Bb4 Re6 30. Qg4 Qd5 31. Nd2 f5 32. Qh5 g4 33. Nxe4 Rxe4 34. Rxe4
Rxe4 35. Rxe4 Qxe4 36. Qg5 Kf7 37. Qd8 f4 38. Qd7+ Kf6 39. Qg7+ Ke6 40. Qg8+ Kd7
41. Qxh7+ Kc8 42. Qg8+ Kb7 43. h7 fxg3 44. fxg3 Qe3+ 45. Kf1 Qf3+ 46. Ke1 Qxg3+
47. Kd1 Nf4 48. h8=Q Qg1+ 49. Be1 Ka6 50. Qc8# 1-0

[Event "Titled Tue 27th May Early"]
[Site "chess.com INT"]
[Date "2025.05.27"]
[Round "11"]
[White "Martinez Alcantara, Jose Eduardo"]
[Black "Gharibyan, Mamikon"]
[Result "0-1"]
[WhiteTitle "GM"]
[BlackTitle "GM"]
[WhiteElo "2611"]
[BlackElo "2472"]
[WhiteFideId "3805662"]
[BlackFideId "13308300"]
[EventDate "2025.05.27"]

1. c4 e5 2. g3 Nf6 3. Bg2 d5 4. cxd5 Nxd5 5. Nc3 Nb6 6. Nf3 Nc6 7. b3 Be7 8. Bb2
O-O 9. O-O Be6 10. d3 Re8 11. Rc1 f6 12. Ne4 Bd5 13. Ned2 a5 14. a3 Qd7 15. Qc2
Bf8 16. Rfd1 Rad8 17. e3 Qf7 18. Nc4 Rd7 19. Qe2 Red8 20. Nh4 Bxg2 21. Kxg2 Nd5
22. Kg1 Nde7 23. e4 Nc8 24. Nf3 Nd6 25. Kg2 Qe6 26. Ncd2 Qf7 27. Nc4 a4 28. Nxd6
Bxd6 29. b4 Bf8 30. b5 Na5 31. d4 Nb3 32. Rc4 Nxd4 33. Bxd4 exd4 34. Rdxd4 Rxd4
35. Nxd4 Bxa3 36. Rxa4 Bc5 37. Nf5 Qe6 38. Qg4 Qd7 39. Ra1 g6 40. Nh6+ Kg7 41.
Qh4 b6 42. Ng4 Qe7 43. Re1 h5 44. Ne3 Bxe3 45. Rxe3 Qe5 46. Rf3 Rd6 0-1